| 000 | 00000nam##2200000za#4500 |
| 001 | 9.632931 |
| 003 | CaOODSP |
| 005 | 20210624215056 |
| 007 | cr ||||||||||| |
| 008 | 150407|2002||||xxc|||||o f|0| 0 fre|d |
| 040 | |aCaOODSP|bfre |
| 043 | |an-cn--- |
| 086 | 1 |aSW21-68/2002F-PDF |
| 110 | 1 |aCanada. |bCondition féminine Canada. |
| 245 | 10|aLes activités internationales de Condition féminine Canada visant à promouvoir l'avancement de la femme - points saillants (1998-2002) |h[ressource électronique] |
| 260 | |aOttawa - Ontario : |bCondition féminine Canada |c2002. |
| 300 | |a15p. |
| 590 | |a06-10-Supp|b2006-12-15 |
| 691 | 07|aCondition de la femme|2gcpds |
| 691 | 07|aÉgalité des sexes|2gcpds |
| 691 | 07|aVie politique|2gcpds |
| 775 | 08|tStatus of Women Canada's international activities to promote the advancement of Women - highlights (1998-2002) |w(CaOODSP)9.686308 |
| 856 | 40|ahttp://publications.gc.ca|qPDF|s291 Ko|uhttps://publications.gc.ca/collections/Collection/SW21-68-2002F.pdf |